| 000 | 00345nam a2200145Ia 4500 | ||
|---|---|---|---|
| 008 | 150201s2012 xx 000 0 und d | ||
| 082 |
_a614.88 _bF12C |
||
| 100 | _aCLEMENT, I. | ||
| 245 | _aTB. ON FIRST AID & EMERGENCY NURSING | ||
| 250 | _a1ST | ||
| 260 |
_bJAYPEE _aDELHI _c2012 |
||
| 300 | _a514 | ||
| 650 | _aFIRST AID | ||
| 942 |
_2ddc _cBK _08 |
||
| 999 |
_c2365 _d2365 |
||